000
00197 a2200097 4500
001
1619
100
_a
While, A.H
245
_a
Engineering materials
260
_a
_b
Chapman
_c
090
_c
1157
_d
1157
942
_a
NUST-CAE
_c
M
_c
1747
999
_c
236692
_d
236692